[Event "Boris Kostic CC-ch"]
[Site "Vrsac"]
[Date "2018.03.12"]
[Round "8"]
[White "Rankov, Petar"]
[Black "Jovanovic, Slavko"]
[Result "1/2-1/2"]
[WhiteElo "2117"]
[BlackElo "2039"]
[PlyCount "80"]
[EventDate "2018.03.01"]
[EventType "tourn"]
[EventRounds "18"]
[EventCountry "SRB"]
[SourceTitle "EXT 2019"]
[Source "ChessBase"]
[SourceDate "2018.10.10"]
[SourceVersion "1"]
[SourceVersionDate "2018.10.10"]
[SourceQuality "1"]

1. e4 c5 2. Nf3 e6 3. d4 cxd4 4. Nxd4 a6 5. c4 Nf6 6. Nc3 Qc7 7. Bd3 Nc6 8. Nxc6 bxc6 9. 0-0 Be7 10. Be3 d6 11. f4 Rb8 12. Qe2 Bb7 13. g4 Nd7 14. Rac1 c5 15. f5 e5 16. g5 f6 17. Qh5+ Kd8 18. h4 Bf8 19. Rc2 Bc6 20. Qf7 Nb6 21. Qxc7+ Kxc7 22. Kh2 Nd7 23. Rg1 a5 24. b3 Ra8 25. a4 Be7 26. Ra2 Nb6 27. Rga1 Kd7 28. Kg3 Ra6 29. Nb5 Rha8 30. Kg4 Bxb5 31. axb5 R6a7 32. Bd2 a4 33. bxa4 Rxa4 34. Rxa4 Rxa4 35. Rxa4 Nxa4 36. Ba5 Kc8 37. Bd2 Nb6 38. gxf6 Bxf6 39. Bg5 Nd7 40. Bd2 Bd8 1/2-1/2